| 000 | 01319cam a22003254a 4500 | ||
|---|---|---|---|
| 001 | 13131958 | ||
| 003 | GBCCL | ||
| 005 | 20241126110408.0 | ||
| 008 | 030321s2003 enk bd 001 0ceng | ||
| 010 | _a 2003006847 | ||
| 020 | _a0830829253 | ||
| 020 | _a0851119964 (U.K.) | ||
| 040 |
_aDLC _cDLC _dDLC |
||
| 042 | _apcc | ||
| 050 | 0 | 0 |
_aBR1643.A1 _bB56 2003 |
| 082 | 0 | 0 |
_a270.820922 _aB _221 _bBIO |
| 245 | 0 | 0 |
_aBiographical dictionary of evangelicals / _ceditor, Timothy Larsen ; consulting editors, D.W. Bebbington, Mark A. Noll ; organizing editor, Steve Carter. |
| 260 |
_aLeicester, England ; _aDowners Grove, Ill. : _bInterVarsity Press, _c2003. |
||
| 300 |
_axvii, 789 p. ; _c24 cm. |
||
| 504 | _aIncludes bibliographical references and indexes. | ||
| 650 | 0 |
_aEvangelicalism _vDictionaries. _93621 |
|
| 650 | 0 |
_aChristian biography _vDictionaries. _91351 |
|
| 700 | 1 |
_aLarsen, Timothy, _d1967- _93622 |
|
| 700 | 1 |
_aBebbington, David, _d1949- _93623 |
|
| 700 | 1 |
_aNoll, Mark A., _d1946- _93624 |
|
| 856 | 4 | 1 |
_3Table of contents _uhttp://www.loc.gov/catdir/toc/ecip041/2003006847.html |
| 906 |
_a7 _bcbc _corignew _d1 _eecip _f20 _gy-gencatlg |
||
| 942 |
_2ddc _cREF |
||
| 999 |
_c1755 _d1755 |
||